Представление документа в формате RUSMARC

ПолеНазваниеЗначение
  Тип записи a
  Библиографический уровень m
001 Контрольный номер RSL-KNO-004951632
005 Дата корректировки 20201206204821.8
010 Индекс ISBN __
a ISBN 978-5-7695-6469-7
d Цена 426-80
100 Данные общей обработки __
a Данные общей обработки 19110531d2011 |||y1rusy0189 ca
101 Язык документа 0_
a Язык текста rus
102 Страна публикации __
a Страна публикации ru
105 Кодированные данные (монография) __
a Кодированные данные (монография) a zzzz000zy
200 Заглавие и сведения об ответственности 1_
a Заглавие Интеллектуальные средства измерений
e Сведения, относящиеся к заглавию учеб. для студентов высш. учеб. заведений, обучающихся по направлению "Приборостроение" и специальностям "Информ.-измер. техника и технологии", "Авиац. приборы и измер.-вычисл. комплексы"
f Первые сведения об ответственности Г. Г. Раннев
b Общее обозначение материала Текст
210 Выходные данные __
a Место издания М.
c Издательство Академия
d Дата издания 2011
215 Физическое описание __
a Объем 262, [1] с.
c Иллюстрации/тип воспроизводства ил.
d Формат 22 см
225 Серия __
a Серия Высшее профессиональное образование. Приборостроение
320 Библиография __
a Библиография Библиогр.: с. 258-261
330 Аннотация __
a Аннотация Рассмотрены проблемы интеллектуализации измерений, применение нейроструктуры в средствах измерений; измерительные базы знаний; особенности аппаратной и программной частей интеллектуальных средств измерений.
606 Тематические рубрики __
a Основная рубрика Радиоэлектроника
606 Тематические рубрики __
a Основная рубрика Автоматика и телемеханика
610 Ключевые слова __
a Ключевые слова нейроструктуры; средства измерений; автоматические измерения; информационно-измерительные системы; интеллектуальные системы; интеллектуальные измерения; интеллектуальные средства измерений
686 Индексы других классификаций __
a Классификационный индекс 32.965я73
700 Автор _1
a Фамилия Раннев
b Имя Г. Г.
g Полное личное имя Георгий Георгиевич
4 Код отношения 070
801 Источник записи _0
a Страна ru
b Организация Муниципальное бюджетное учреждение культуры "Централизованная библиотечная система" г. Сургут (Центральная городская библиотека им. А. С. Пушкина)
c Дата составления 20110531
g Правила каталогизации КиК/Котельникова
801 Источник записи _1
a Страна ru
b Организация Муниципальное бюджетное учреждение культуры "Централизованная библиотечная система" г. Сургут (Центральная городская библиотека им. А. С. Пушкина)
c Дата составления 20110531
g Правила каталогизации КиК/Котельникова
852 Данные о местонахождении __
j Шифр хранения 32.965я73
i Авторский знак Р 22
901 Тип документа __
t Тип документа m
903 Характеристики (МАРС) __
a Дата передачи 20120220
969 Тип издания __
a Тип издания учебное пособие
990 Данные о заказе (DOS) __
j Количество экземпляров (DOS) 2
t N записи в КСУ для И/У (DOS) 201203